The Filipino family surviving the world : (Record no. 115742)
[ view plain ]
| 000 -LEADER | |
|---|---|
| fixed length control field | 00597nam a2200181Ia 4500 |
| 008 - FIXED-LENGTH DATA ELEMENTS--GENERAL INFORMATION | |
| fixed length control field | 140429s9999 xx 000 0 und d |
| 020 ## - INTERNATIONAL STANDARD BOOK NUMBER | |
| International Standard Book Number | 9789712721175 |
| 050 ## - LIBRARY OF CONGRESS CALL NUMBER | |
| Classification number | HQ 679.2 |
| Item number | .C176 2008 |
| 100 ## - MAIN ENTRY--PERSONAL NAME | |
| Personal name | Carandang, Ma. Lourdes A. |
| 245 #4 - TITLE STATEMENT | |
| Title | The Filipino family surviving the world : |
| Remainder of title | psychological essays on the family / |
| Statement of responsibility, etc | Ma. Lourdes A. Carandang and Queena N. Lee-Chua. |
| 260 ## - PUBLICATION, DISTRIBUTION, ETC. (IMPRINT) | |
| Place of publication, distribution, etc | Manila : |
| Name of publisher, distributor, etc | Anvil Pub., |
| Date of publication, distribution, etc | c2008. |
| 300 ## - PHYSICAL DESCRIPTION | |
| Extent | 124 p. : |
| Dimensions | 22 cm. |
| 521 ## - TARGET AUDIENCE NOTE | |
| Target audience note | |
| 650 ## - SUBJECT ADDED ENTRY--TOPICAL TERM | |
| Topical term or geographic name as entry element | Family |
| General subdivision | Philippines. |
| 650 ## - SUBJECT ADDED ENTRY--TOPICAL TERM | |
| Topical term or geographic name as entry element | Family |
| General subdivision | Psychological aspects. |
| 942 ## - ADDED ENTRY ELEMENTS (KOHA) | |
| Call number prefix | Local |
| Koha item type | Books |
| Withdrawn status | Lost status | Source of classification or shelving scheme | Damaged status | Home library | Current library | Shelving location | Date acquired | Source of acquisition | Cost, normal purchase price | Total Checkouts | Full call number | Barcode | Date last seen | Price effective from | Koha item type |
|---|---|---|---|---|---|---|---|---|---|---|---|---|---|---|---|
| Library of Congress Classification | College Library | College Library | Filipiniana Section | 04/29/2014 | Library Fund | 245.00 | HQ 679.2 .C176 2008 | C16841 | 05/08/2018 | 04/29/2014 | Books |